Statistics for Countries A-Z: Geographical Center Closest to North Pole

Click here to take the quiz!

General Stats

  • This quiz has been taken 116 times
  • The average score is 21 of 24

Answer Stats

Initial Letter Country % Correct
DDenmark
99%
CCanada
98%
RRussia
98%
FFinland
98%
EEstonia
97%
SSweden
95%
NNorway
95%
IIceland
94%
GGermany
94%
LLatvia
91%
YYemen
90%
ZZambia
90%
UUnited Kingdom
89%
QQatar
89%
JJapan
88%
PPoland
87%
OOman
87%
BBelarus
86%
VVatican City
85%
HHungary
82%
KKazakhstan
82%
AAustria
76%
TTurkmenistan
69%
MMoldova
66%

Score Distribution

Percentile by Number Answered

Percent of People with Each Score

Your Score History

You have not taken this quiz